Vplyv Industry 4.0 na zdaňovanie
Saved in:
| Main Author: | |
|---|---|
| Format: | Book Chapter |
| Language: | Slovak English |
| Subjects: | |
| Tags: |
No Tags, Be the first to tag this record!
|
MARC
| LEADER | 00000naa$a2200000$$$4500 | ||
|---|---|---|---|
| 001 | 0297599 | ||
| 005 | 20240502074515.3 | ||
| 041 | 0 | |a slo | |
| 041 | 0 | |a eng | |
| 044 | |a SK | ||
| 245 | 1 | 0 | |a Vplyv Industry 4.0 na zdaňovanie |c Cecília Olexová |
| 500 | |a Abstrakt | ||
| 610 | 2 | 0 | |a priemysel 4.0 |
| 610 | 2 | 0 | |a zdaňovanie |
| 610 | 2 | 0 | |a technológie nové |
| 610 | 2 | 0 | |a digitalizácia |
| 610 | 2 | 0 | |a investície |
| 610 | 2 | 0 | |a Slovensko |
| 100 | 1 | |a Olexová, Cecília, 1976- | |